[Event "GER-chT Betriebe 14th"]
[Site "Dresden"]
[Date "2014.11.23"]
[Round "7.3"]
[White "Wolf, Wilfried"]
[Black "Waltz, Juergen"]
[Result "1-0"]
[WhiteElo "1523"]
[BlackElo "1400"]
[PlyCount "45"]
[EventDate "2014.11.20"]
[EventType "team-swiss"]
[EventRounds "7"]
[EventCountry "GER"]
[SourceTitle "EXT 2020"]
[Source "ChessBase"]
[SourceDate "2019.10.17"]
[SourceVersion "1"]
[SourceVersionDate "2019.10.17"]
[SourceQuality "1"]
[WhiteTeam "Berlin Tempelhof II"]
[BlackTeam "Bremen Airbus"]
[WhiteTeamCountry "GER"]
[BlackTeamCountry "GER"]

1. e4 c5 2. Nf3 Nc6 3. d4 cxd4 4. Nxd4 g6 5. c3 e6 6. Be3 Bg7 7. Be2 Nf6 8. Nd2 0-0 9. 0-0 d5 10. Bf3 Ne5 11. Bg5 h6 12. Bh4 g5 13. Bg3 Nxf3+ 14. Qxf3 Qb6 15. N4b3 Bd7 16. Be5 Ne8 17. Bxg7 Nxg7 18. exd5 exd5 19. Qxd5 Bc6 20. Qc5 Qc7 21. Nd4 a6 22. Nxc6 Ne6 23. Ne7+ 1-0

[Event "GER-chT Betriebe"]
[Site "Berlin"]
[Date "2006.10.05"]
[Round "1.1"]
[White "Waltz, Juergen"]
[Black "Hoppe, Frank"]
[Result "0-1"]
[WhiteElo "1510"]
[BlackElo "2076"]
[PlyCount "78"]
[EventDate "2006.10.05"]
[EventType "team-tourn"]
[EventRounds "7"]
[EventCountry "GER"]
[SourceTitle "EXT 2007"]
[Source "ChessBase"]
[SourceDate "2006.11.23"]
[SourceVersion "1"]
[SourceVersionDate "2006.11.23"]
[SourceQuality "1"]
[WhiteTeam "Bremen Airbus II"]
[BlackTeam "Gillette III"]
[WhiteTeamCountry "GER"]
[BlackTeamCountry "GER"]

1. b3 e5 2. c4 Nf6 3. Nc3 d5 4. cxd5 Nxd5 5. Bb2 c5 6. e3 a6 7. Nf3 Nc6 8. Nxd5 Qxd5 9. Bc4 Qd6 10. Ng5 Nd8 11. Qf3 Qf6 12. Qxf6 gxf6 13. Ne4 Be7 14. d4 cxd4 15. exd4 f5 16. Nd2 e4 17. Ke2 Rg8 18. Rhg1 Ne6 19. Bxe6 Bxe6 20. Rac1 Rc8 21. Rxc8+ Bxc8 22. f4 Bd6 23. Ke3 Rg4 24. g3 Bxf4+ 25. Ke2 Bd7 26. a4 b5 27. axb5 Bxb5+ 28. Nc4 Bc7 29. Kf2 f4 30. Ne5 Bxe5 31. dxe5 Bd3 32. gxf4 Rxf4+ 33. Ke3 Rf3+ 34. Kd4 Rf2 35. Bc1 Rxh2 36. Rg8+ Ke7 37. Rg7 Ke6 38. Rg8 Rh1 39. Be3 Rd1 0-1